<?xml version="1.0" encoding="UTF-8"?><?xml-stylesheet type="text/xsl" href="static/style.xsl"?><OAI-PMH xmlns="http://www.openarchives.org/OAI/2.0/" xmlns:xsi="http://www.w3.org/2001/XMLSchema-instance" xsi:schemaLocation="http://www.openarchives.org/OAI/2.0/ http://www.openarchives.org/OAI/2.0/OAI-PMH.xsd"><responseDate>2026-04-14T08:18:49Z</responseDate><request verb="GetRecord" identifier="oai:www.recercat.cat:2117/106327" metadataPrefix="marc">https://recercat.cat/oai/request</request><GetRecord><record><header><identifier>oai:recercat.cat:2117/106327</identifier><datestamp>2026-02-09T13:17:59Z</datestamp><setSpec>com_2072_1033</setSpec><setSpec>col_2072_452951</setSpec></header><metadata><record xmlns="http://www.loc.gov/MARC21/slim" xmlns:dcterms="http://purl.org/dc/terms/" xmlns:xsi="http://www.w3.org/2001/XMLSchema-instance" xmlns:doc="http://www.lyncode.com/xoai" xsi:schemaLocation="http://www.loc.gov/MARC21/slim http://www.loc.gov/standards/marcxml/schema/MARC21slim.xsd">
   <leader>00925njm 22002777a 4500</leader>
   <datafield ind2=" " ind1=" " tag="042">
      <subfield code="a">dc</subfield>
   </datafield>
   <datafield ind2=" " ind1=" " tag="720">
      <subfield code="a">Sastre Buades, Llorenç</subfield>
      <subfield code="e">author</subfield>
   </datafield>
   <datafield ind2=" " ind1=" " tag="260">
      <subfield code="c">2017-03</subfield>
   </datafield>
   <datafield ind2=" " ind1=" " tag="520">
      <subfield code="a">Liquefied Natural Gas (LNG) as marine fuel currently appears to be an attractive, potential and technically feasible option for new building vessels to comply with air pollution regulations. Consequently, the implementation of LNG on board vessels has been conducted together with the development of LNG-fuelled engines, LNG fuel tanks, gas supply systems and LNG infrastructure. LNG-fuelled vessels are equipped principally with lean-burn gas engines or dual-fuel (DF) engines, vacuum insulated C-type tanks and compact fuel gas supply systems. Over the next decade, the number of LNG-fuelled vessels is forecasted to increase fast, even tough, certain LNG-fuelled vessel segments will experience a bigger expansion. Furthermore, potential for LNG-fuelled vessels depends on several features and car/passenger ferries seem to be the LNG-fuelled vessel segment with a higher potential. To date, air pollution regulations significantly reduce nitrous oxides (NOX) emissions and almost eliminate sulphur oxides (SOX) and particulate matter (PM) emissions, although, carbon dioxide (CO2) emissions are reduced only 20-30%. Owing to the foreseen rise of global seaborne trade, CO2 emissions are expected to grow even more emphasising the necessity to adopt highly restrictive measures. International legislative bodies have started to propose upcoming regulations and manufactures have developed technical improvements to improve energy efficiency of vessels and thereby decrease CO2 emissions. Nevertheless, these solutions merely provide small benefits on vessels’ environmental efficiency. As a result of the study, LNG-fuelled vessels present a bright future, as an alternative option to meet short-term air pollution regulations due to they do not sufficiently minimise CO2 emissions.</subfield>
   </datafield>
   <datafield tag="653" ind2=" " ind1=" ">
      <subfield code="a">Àrees temàtiques de la UPC::Nàutica::Enginyeria naval</subfield>
   </datafield>
   <datafield tag="653" ind2=" " ind1=" ">
      <subfield code="a">Àrees temàtiques de la UPC::Energies::Recursos energètics no renovables::Gas</subfield>
   </datafield>
   <datafield tag="653" ind2=" " ind1=" ">
      <subfield code="a">Lng</subfield>
   </datafield>
   <datafield tag="653" ind2=" " ind1=" ">
      <subfield code="a">Co2</subfield>
   </datafield>
   <datafield tag="653" ind2=" " ind1=" ">
      <subfield code="a">Nox</subfield>
   </datafield>
   <datafield tag="653" ind2=" " ind1=" ">
      <subfield code="a">Sox</subfield>
   </datafield>
   <datafield tag="653" ind2=" " ind1=" ">
      <subfield code="a">Eca</subfield>
   </datafield>
   <datafield tag="653" ind2=" " ind1=" ">
      <subfield code="a">Marine fuel</subfield>
   </datafield>
   <datafield tag="653" ind2=" " ind1=" ">
      <subfield code="a">Lng-fuelled engines</subfield>
   </datafield>
   <datafield tag="653" ind2=" " ind1=" ">
      <subfield code="a">Lng-fuelled vessel segments</subfield>
   </datafield>
   <datafield tag="653" ind2=" " ind1=" ">
      <subfield code="a">Energy efficiency.</subfield>
   </datafield>
   <datafield tag="653" ind2=" " ind1=" ">
      <subfield code="a">Vaixells -- Combustibles</subfield>
   </datafield>
   <datafield tag="653" ind2=" " ind1=" ">
      <subfield code="a">Gas natural liquat -- Combustibles</subfield>
   </datafield>
   <datafield tag="653" ind2=" " ind1=" ">
      <subfield code="a">Gas natural liquat -- Aplicacions industrials</subfield>
   </datafield>
   <datafield ind2="0" ind1="0" tag="245">
      <subfield code="a">Implementation of lng as marine fuel in current vessels : Perspectives and improvements on their environmental efficiency</subfield>
   </datafield>
</record></metadata></record></GetRecord></OAI-PMH>